Major Political Parties in Italy - Statistics

General Stats
  • This quiz has been taken 224 times
    187 since last reset
  • The average score is 6 of 10
Answer Stats
Proportional Vote in Last Election Ideology Party % Correct
25.99% National conservatism Brothers of Italy
95%
19.07% Social democracy Democratic Party
93%
8.77% Right-wing populism / nationalism Lega
93%
8.12% Liberal-conservatism Forza Italia
86%
15.43% Populism Five Star Movement
79%
Social Liberalism Italia Viva
53%
7.78% (coalition) Liberalism Action
52%
3.63% (coalition) Democratic socialism Italian Left
35%
2.83% Liberalism / European Federalism More Europe
24%
Green politics / progressivism Green Europe
16%
No matching quizzes found
Score Distribution
Percent of People with Each Score
Percentile by Number Answered
Your Score History
You have not taken this quiz since the last reset